000 01276cam a22004094i 4500
003 PE-LiUPU
005 20250731172723.0
008 150617s r 000 0 d
035 _a(Sirsi) a11139
040 _aPE-LiUPU
_bspa
_cPE-LiUPU
_erda
049 _aPRUA
082 0 4 _a238.19
_bW42
_221
100 1 _aWeigel, Gustave,
_eautor.
245 1 3 _aEl Cristianismo Oriental /
_cGsutave Weigel.
264 1 _aBuenos Aires :
_bDifusión,
_c1945.
300 _a210 páginas ;
_c20 centímetros.
336 _atext
_2rdacontent
337 _aunmediated
_2rdamedia
338 _avolume
_2rdacarrier
505 0 _aLa teología oriental en general: Objeto de la teología oriental, antecedentes históricos -- La iglesia Ortodoxa: historia de la iglesia Ortodoxa, la teología Ortodoxa -- Otras iglesias orientales no Católicas: La iglesia Monofisita, la iglesia Nestoriana.
526 _aSEG42
526 _aSEG41
526 _aSEG40
526 _aSEG39
526 _aP94
526 _aP87
526 _aP86
526 _aP85
526 _aP77
526 _aP76
526 _aP35
650 1 4 _aIglesia Ortodoxa Oriental
_94156
910 _ajck
942 _2ddc
_cBK
980 _81
_gALBERTO SANCHEZ Responsable de Automatización
999 _c1258
_d1258